| 000 | 00762nam a2200217 a 4500 | ||
|---|---|---|---|
| 999 |
_c2674 _d2674 |
||
| 001 | 2674 | ||
| 003 | BD-JhCC | ||
| 005 | 20171105205230.0 | ||
| 008 | 171105s1960 bg |||| ||a| 00| 0 b d | ||
| 035 | _a(BD-JhCC)2674 | ||
| 040 |
_aBD-JhCC _dBD-JhCC |
||
| 041 | _aben | ||
| 082 |
_a891.443 _bMUK 1960 |
||
| 100 | _aমুখোপাধ্যায়, শৈলজানন্দ | ||
| 245 |
_aকেউ ভোলে না কেউ ভোলে / _cশৈলজানন্দ মুখোপাধ্যায় |
||
| 260 |
_aকোলকাতা : _bনিউ এজ পাবলিশার্স প্রাইভেট লিমিটেড, _c1960. |
||
| 300 |
_a202 p. : _c18 cm. |
||
| 650 | _aBengali Novel | ||
| 942 |
_2ddc _cBK |
||